Teorija i praktika strukturnogo programirovanija
Salvato in:
| Autore principale: | |
|---|---|
| Altri autori: | , |
| Natura: | Libro |
| Lingua: | russo |
| Pubblicazione: |
Moskva
Mir
1982
|
| Tags: |
Nessun Tag, puoi essere il primo ad aggiungerne!!
|
MARC
| LEADER | 00000nam a2200000 4500 | ||
|---|---|---|---|
| 001 | c131506 | ||
| 005 | 20041019155252.5 | ||
| 041 | 0 | |a rus | |
| 044 | |a RU | ||
| 245 | 1 | 0 | |a Teorija i praktika strukturnogo programirovanija |c Richard C. Linger, Harlan D. Mills, Bernard I. Witt |
| 264 | 1 | |a Moskva |b Mir |c 1982 | |
| 300 | |a 406 s. | ||
| 100 | 1 | |a Linger, Richard C. | |
| 700 | 1 | |a Mills, Harlan D. | |
| 700 | 1 | |a Witt, Bernard I. | |